Dejiny svetového hospodárstva

Salvato in:
Dettagli Bibliografici
Autore principale: Balhar, Víťazoslav
Ente Autore: Ekonomická univerzita v Bratislave. Fakulta medzinárodných vzťahov
Altri autori: Balhar, Vítězslav, Jr, Tóth, Ľudovít, Zapletal, Vladimír
Natura: Libro
Lingua:slovacco
Pubblicazione: Bratislava Vydavateľstvo EKONÓM 2008
Soggetti:
Tags: Aggiungi Tag
Nessun Tag, puoi essere il primo ad aggiungerne!!

MARC

LEADER 00000nam$a2200000$$$4500
001 0087756
005 20240502072002.7
020 |a 978-80-225-2609-8 
041 0 |a slo 
044 |a SK 
245 1 0 |a Dejiny svetového hospodárstva  |c Víťazoslav Balhar 
264 1 |a Bratislava  |b Vydavateľstvo EKONÓM  |c 2008 
300 |a 134 s. 
610 2 0 |a hospodárstvo svetové 
610 2 0 |a dejiny 
610 2 0 |a rozvoj hospodársky 
610 2 0 |a stupne hospodárstva vývojové 
610 2 0 |a civilizácia 
610 2 0 |a obchod medzinárodný 
610 2 0 |a priemysel 
610 2 0 |a vojny 
610 2 0 |a kríza hospodárska 
610 2 0 |a technológie informačné 
610 2 0 |a globalizácia hospodárstva 
610 2 0 |a Európa 
610 2 0 |a svet 
100 1 |a Balhar, Víťazoslav 
700 1 |a Balhar, Vítězslav, Jr. 
700 1 |a Tóth, Ľudovít 
700 1 |a Zapletal, Vladimír 
710 2 |a Ekonomická univerzita v Bratislave. Fakulta medzinárodných vzťahov